Psalms of faith : (Record no. 3708)

MARC details
000 -LEADER
fixed length control field 00763pam a2200253 a 4500
001 - CONTROL NUMBER
control field 2911314
003 - CONTROL NUMBER IDENTIFIER
control field GBCCL
005 - DATE AND TIME OF LATEST TRANSACTION
control field 20241126110501.0
008 - FIXED-LENGTH DATA ELEMENTS--GENERAL INFORMATION
fixed length control field 880922s1988 cau 000 0 eng
010 ## -
-- 88028427
020 ## - INTERNATIONAL STANDARD BOOK NUMBER
International Standard Book Number 0830713247 :
Terms of availability $6.95
040 ## - CATALOGING SOURCE
Original cataloging agency DLC
Transcribing agency DLC
Modifying agency DLC
050 00 -
-- BS1430.3
-- .S74 1988
082 00 - DEWEY DECIMAL CLASSIFICATION NUMBER
Classification number 223.2077
Edition information 19
Item number STE
100 1# - MAIN ENTRY--PERSONAL NAME
Personal name Stedman, Ray C.
9 (RLIN) 3946
245 10 - TITLE STATEMENT
Title Psalms of faith :
Remainder of title a life-related study from selected psalms /
Statement of responsibility, etc. Ray C. Stedman.
260 ## - PUBLICATION, DISTRIBUTION, ETC.
Place of publication, distribution, etc. Ventura, Calif., U.S.A. :
Name of publisher, distributor, etc. Regal Books,
Date of publication, distribution, etc. c1988.
300 ## - PHYSICAL DESCRIPTION
Extent 321 p. ;
Dimensions 20 cm.
650 00 - SUBJECT ADDED ENTRY--TOPICAL TERM
Topical term or geographic name entry element Bible.
9 (RLIN) 5
650 00 - SUBJECT ADDED ENTRY--TOPICAL TERM
Topical term or geographic name entry element Psalms
Topical term following geographic name entry element Commentaries.
9 (RLIN) 7522
906 ## - LOCAL DATA ELEMENT F, LDF (RLIN)
a 7
b cbc
c orignew
d 1
e ocip
f 19
g y-gencatlg
942 ## - ADDED ENTRY ELEMENTS (KOHA)
Source of classification or shelving scheme Dewey Decimal Classification
Koha item type Books
Koha issues (borrowed), all copies 10
Holdings
Withdrawn status Lost status Source of classification or shelving scheme Damaged status Not for loan Home library Current Library Shelving location Date acquired Total checkouts Full call number Barcode Date last seen Date last checked out Copy number Price effective from Koha item type Total renewals
    Dewey Decimal Classification     GRACE BIBLE COLLEGE GRACE BIBLE COLLEGE Biblical Studies 2017-12-05 5 223.2077 STE 006683 2025-05-01 2025-01-22 c.3 2017-12-05 Books  
    Dewey Decimal Classification     GRACE BIBLE COLLEGE GRACE BIBLE COLLEGE Biblical Studies 2017-12-05 5 223.2077 STE 006465 2025-05-01 2025-02-07 c.2 2017-12-05 Books 2
    Dewey Decimal Classification     GRACE BIBLE COLLEGE GRACE BIBLE COLLEGE Biblical Studies 2018-01-15 5 223.2077 STE 006461 2025-05-01 2025-01-22 c.1 2018-01-15 Books 1
© Grace Bible College Library 2025